अंतरिक्ष विजय / (Record no. 119484)
[ view plain ]
| 000 -LEADER | |
|---|---|
| fixed length control field | 01071nam a22002537a 4500 |
| 005 - DATE AND TIME OF LATEST TRANSACTION | |
| control field | 20170124103138.0 |
| 010 ## - LIBRARY OF CONGRESS CONTROL NUMBER | |
| LC control number | B-238376 |
| 020 ## - INTERNATIONAL STANDARD BOOK NUMBER | |
| Terms of availability | 150.00 |
| International Standard Book Number | 819039682 |
| 035 ## - SYSTEM CONTROL NUMBER | |
| System control number | A-370947 |
| 037 ## - SOURCE OF ACQUISITION | |
| Source of stock number/acquisition | Cen Lib/Ret |
| 040 ## - CATALOGING SOURCE | |
| Original cataloging agency | DPL |
| Language of cataloging | HN |
| 082 ## - DEWEY DECIMAL CLASSIFICATION NUMBER | |
| Classification number | 523.11 |
| Item number | मिश्राम |
| 100 ## - MAIN ENTRY--PERSONAL NAME | |
| Personal name | मिश्रा, महेन्द्र कुमार |
| 9 (RLIN) | 85184 |
| 245 ## - TITLE STATEMENT | |
| Title | अंतरिक्ष विजय / |
| Statement of responsibility, etc | महेन्द्र कुमार मिश्रा |
| 246 ## - VARYING FORM OF TITLE | |
| Title proper/short title | Antarikshya vijaya / |
| Remainder of title | by Mahendra Kumar Misha |
| 260 ## - PUBLICATION, DISTRIBUTION, ETC. (IMPRINT) | |
| Place of publication, distribution, etc | सोनीपत |
| Name of publisher, distributor, etc | आस्था प्रकाशन |
| Date of publication, distribution, etc | 2007 |
| 270 ## - ADDRESS | |
| Address | 12/531, सुभाष पार्क |
| City | सोनीपत |
| Postal code | 131001 |
| 300 ## - PHYSICAL DESCRIPTION | |
| Extent | 98पृ. : |
| Dimensions | 21सेमी (सजिल्द) |
| Other physical details | सचित्र |
| 650 ## - SUBJECT ADDED ENTRY--TOPICAL TERM | |
| Topical term or geographic name as entry element | अन्तरिक्ष पर्यटन |
| 9 (RLIN) | 702 |
| 650 ## - SUBJECT ADDED ENTRY--TOPICAL TERM | |
| Topical term or geographic name as entry element | अंतरिक्ष विजय |
| 9 (RLIN) | 85185 |
| 650 ## - SUBJECT ADDED ENTRY--TOPICAL TERM | |
| Topical term or geographic name as entry element | Space Tourism |
| 9 (RLIN) | 85186 |
| 650 ## - SUBJECT ADDED ENTRY--TOPICAL TERM | |
| Topical term or geographic name as entry element | Space conquest |
| 9 (RLIN) | 85187 |
| 942 ## - ADDED ENTRY ELEMENTS (KOHA) | |
| Source of classification or shelving scheme | Dewey Decimal Classification |
| Koha item type | Hindi Books |
| Classification part | 523.11 |
| Call number suffix | मिश्राम |
| Withdrawn status | Lost status | Damaged status | Not for loan | Home library | Current library | Date acquired | Source of acquisition | Cost, normal purchase price | Total Checkouts | Full call number | Barcode | Date last seen | Copy number | Cost, replacement price | Price effective from | Koha item type |
|---|---|---|---|---|---|---|---|---|---|---|---|---|---|---|---|---|
| Central Library | Central Library | 17/09/2015 | Cen Lib/Ret | 150.00 | 523.11 मिश्राम | B-238376 | 17/09/2015 | 1 | 150.00 | 17/09/2015 | Hindi Books |
